Teams that Toni Kroos Played For - Statistics

General Stats
  • This quiz has been taken 372 times
  • The average score is 4 of 5
Answer Stats
Years Apps Goals Team % Correct
2014-2024 306 22 Real Madrid
98%
2007-2014 130 12 Bayern Munich
94%
2010-2024 114 17 Germany
84%
2009-2010 43 10 Bayer Leverkusen
68%
2007-2008 13 4 Bayern Munich II
11%
No matching quizzes found
Score Distribution
Percent of People with Each Score
Percentile by Number Answered
Your Score History
You have not taken this quiz